Вып. 14: Труд и здоровье человека на Крайнем Севере; Проблемы Севера

Detalhes bibliográficos
Parent link:Проблемы Севера: сборник/ Академия наук СССР (АН СССР). Вып. 14: Труд и здоровье человека на Крайнем Севере.— , 1958-1972
Idioma:russo
Publicado em: 1970
Assuntos:
Formato: Livro
KOHA link:https://koha.lib.tpu.ru/cgi-bin/koha/opac-detail.pl?biblionumber=222397

MARC

LEADER 00000nam2a2200000 4500
001 222397
005 20231101230448.0
035 |a (RuTPU)RU\TPU\book\242606 
035 |a RU\TPU\book\242411 
090 |a 222397 
100 |a 20120924d1970 km y0rusy50 ca 
101 0 |a rus 
102 |a RU 
105 |a a z 001zy 
200 0 |a Вып. 14: Труд и здоровье человека на Крайнем Севере 
210 |d 1970 
215 |a 220 с.  |c ил. 
320 |a Библиография в конце статей 
461 1 |0 (RuTPU)RU\TPU\book\119820  |t Проблемы Севера   |o сборник  |f Академия наук СССР (АН СССР)  |v Вып. 14: Труд и здоровье человека на Крайнем Севере  |d 1958-1972 
606 1 |a Здоровье  |2 stltpush  |3 (RuTPU)RU\TPU\subj\11669  |9 38585 
610 1 |a Крайний Север 
610 1 |a акклиматизация 
610 1 |a климатопатология 
610 1 |a гигиена 
610 1 |a профпригодность 
610 1 |a патология 
610 1 |a питание 
610 1 |a рационализация 
675 |a 613.4  |v 3 
801 1 |a RU  |b 63413507  |c 20120903 
801 2 |a RU  |b 63413507  |c 20120924  |g RCR 
942 |c BK